00454nam a2200157Ia 450000500170000000800410001708200130005810000180007124500350008926000280012430000130015265000110016594200060017695200990018299900150028120250508043935.0240331s9999 xx 000 0 und d bCHAa891 aChandra Bose, 0aEthirkala ilakkiyamum kalviyum aThanjavurbAkaramc2003 a128 p ., aEssays cL 001040708LaWERCLbWERCLcSSCd2024-03-31l0o 894.811 CHAp4972r2024-03-31w2024-03-31yL c4382d4382